Countries Of 1945 - Sudden Death - Statistics

General Stats
  • This quiz has been taken 59 times
  • The average score is 5 of 15
Answers on the Grid
Answers color-coded by a green-red scale on the quiz's grid according to % correct below.
East Turkestan
Soviet Union
Yugoslavia
Czechoslovakia
Japan
Vietnam
Tibet
Romania
Ireland
Dominican Republic
Cuba
Australia
Afghanistan
Brazil
Ethiopia
Germany
New Hebrides
Jordan
Morocco
North Korea
South Korea
Nigeria
Papua New Guinea
Austria
Ottoman Empire
Pakistan
India
Tonga
Madagascar
Taiwan
 
Answer Stats
Answer % Correct
Japan
56%
Brazil
53%
Australia
44%
Yugoslavia
42%
Cuba
39%
Czechoslovakia
39%
Soviet Union
36%
Ireland
33%
Romania
25%
Afghanistan
22%
Ethiopia
22%
Dominican Republic
19%
Tibet
19%
East Turkestan
14%
Vietnam
11%
No matching quizzes found
Score Distribution
Percent of People with Each Score
Percentile by Number Answered
Your Score History
You have not taken this quiz